000 00294nam a22001337a 4500
008 170420b xxu||||| |||| 00| 0 eng d
020 _a9780534394745
041 _aeng
080 _26TH
_a599.9
100 _a11
101 _aSHM
245 _aHUMAN HEREDITY
_cCUMMINGS, M.R
942 _2udc
_cBK
999 _c11328
_d11328